| 000 | 01336cam a22002174a 4500 | ||
|---|---|---|---|
| 005 | 20250605163955.0 | ||
| 008 | 250528s ||||||||||||||||||||||||d | ||
| 035 | _a15451 | ||
| 020 | _a673463729 | ||
| 040 |
_aGR-AtMCL _bgre _dGR-AtMCL _eAACR2 |
||
| 245 | 1 | _aManaging Information as a Corporate Resource / Second Edition | |
| 250 | _a2nd | ||
| 260 |
_bHarper Collins Publishers, _c1991 |
||
| 300 | _a466 | ||
| 505 | 0 | _aPreface, The Information Age, Information Planning, Technology Planning, Communication Planning, Systems Planning, Systems Development, Production Systems Support, Computer Operations Management, Information and Systems Security, Human Resource Development, The Integration and Management of Microcomputers, Management Control of Information Processing, Future Challenges, Appendices, Glossary, Index. | |
| 520 | _aPreface, The Information Age, Information Planning, Technology Planning, Communication Planning, Systems Planning, Systems Development, Production Systems Support, Computer Operations Management, Information and Systems Security, Human Resource Development, The Integration and Management of Microcomputers, Management Control of Information Processing, Future Challenges, Appendices, Glossary, Index. | ||
| 700 | 1 |
_aTom L. Paul _91375 |
|
| 942 | _cBK | ||
| 999 |
_c1031 _d1031 |
||